| 000 | 00324nam a22001337a 4500 | ||
|---|---|---|---|
| 020 | _qPB. | ||
| 040 | _cFIZZA ISHAQ | ||
| 082 |
_a005.7565 _bCON |
||
| 100 |
_aCONNELL. _991930 |
||
| 245 |
_aBEGINNING VISUAL BASIC 6 DATABASE PROGRAMMING / _cCONNELL. |
||
| 260 |
_aNEW YORK ; _c2003. |
||
| 300 | _a861 P. ; | ||
| 942 |
_2ddc _cBK |
||
| 999 |
_c590048 _d590048 |
||